Comportamiento del coeficiente de escorrentía en la sub cuenca III de la cuenca Sur de Managua.
Presenta un análisis caudal de salida y el coeficiente de escorrentía de la sub cuenca III generados por el huracán Mitch a través del programa hidrobiológico HEC - HMS 3.2 tomando en cuenta las características propias de la sub cuenca, los resultados brindan información de las zonas con mayo...
| Main Authors: | , |
|---|---|
| Other Authors: | |
| Format: | Tesis Section = Libro |
| Language: | Undetermined Spanish |
| Published: |
Managua
UNI
2011
|
| Subjects: |
| LEADER | 01197nam a2200265Ia 4500 | ||
|---|---|---|---|
| 008 | 240830s9999 xx 000 0 und d | ||
| 040 | |a BIBLIOTECA-RUPAP Mon 551.48 M516 | ||
| 041 | |a spa | ||
| 082 | |a Mon 551.48 M516 | ||
| 100 | 1 | |a Mejía García, Katherine Aracelys | |
| 100 | 1 | |b Cañadas Vásquez, Keliel Rubén | |
| 245 | 1 | 0 | |a Comportamiento del coeficiente de escorrentía en la sub cuenca III de la cuenca Sur de Managua. |
| 260 | |a Managua |b UNI |c 2011 | ||
| 300 | |a 82 p. :il. | ||
| 500 | |a Contiene: anexos e Incluye: CD. | ||
| 502 | |a Tesis (Ingeniero Civil)- UNI, 2011. | ||
| 520 | 3 | |a Presenta un análisis caudal de salida y el coeficiente de escorrentía de la sub cuenca III generados por el huracán Mitch a través del programa hidrobiológico HEC - HMS 3.2 tomando en cuenta las características propias de la sub cuenca, los resultados brindan información de las zonas con mayor probabilidad de ocurrencia de inundaciones. | |
| 650 | 7 | |a HICROLOGIA | |
| 650 | 7 | |b ESCORENTIAS - SUBCUENCA III - CUENCA SUR - MANAGUA | |
| 650 | 7 | |c ESCORRENTIA | |
| 650 | 7 | |d URBANA | |
| 700 | 1 | |a Tutor: |b Lanza Mejía, Nestor Javier | |
| 942 | |c BK |2 ddc | ||
| 991 | |a TESIS | ||
| 999 | |c 15648 | ||